00505pab a2200169 454500008004000000100002500040245003700065260000900102300001300111362001100124650002400135773003400159908000600193909001100199999001900210952010600229180718b2014 xxu||||| |||| 00| 0 eng d aYadav, Shishir Kumar aQuestioning the idea of disaster c2014 ap.21-24. a27 Sep aDisaster prevention aEconomic and Political Weekly aN a105511 c105506d105506 00104070aIIPAbIIPAd2018-07-19hVolume no: 49, Issue no: 39pAR105971r2018-07-19w2018-07-19yAR